Toxins in plant disease (Record no. 37131)

MARC details
000 -LEADER
fixed length control field 00432nam a2200145Ia 4500
082 ## - DEWEY DECIMAL CLASSIFICATION NUMBER
Classification number 581.2:581.524.15
Item number DUR
245 #0 - TITLE STATEMENT
Title Toxins in plant disease
260 ## - PUBLICATION, DISTRIBUTION, ETC. (IMPRINT)
Place of publication New York
Name of publisher Academic
Year of publication 1981
490 ## - SERIES STATEMENT
Series statement Physiological ecology: A series of monographs texts and treatises. Ed by T T Kozlowski
650 ## - SUBJECT ADDED ENTRY--TOPICAL TERM
Topical Term Parthenogenesis
650 ## - SUBJECT ADDED ENTRY--TOPICAL TERM
Topical Term Toxins
700 ## - ADDED ENTRY--PERSONAL NAME
Personal name DURBIN, R D
942 ## - ADDED ENTRY ELEMENTS (KOHA)
Koha item type Books
Holdings
Withdrawn status Lost status Damaged status Not for loan Home library Current library Date acquired Full call number Accession Number Koha item type
        RRII Library RRII Library 16/12/2021 581.2:581.524.15 DUR 17519 Books